Les 10 villes les plus peuplées du Bas-Rhin (67) - Statistiques

Statistiques générales
  • Ce quiz a été pris 52 fois
  • Le résultat moyen est 5 sur 10
Statistiques - réponses
Population Communes % Correct
291 700 Strasbourg
100%
36 100 Haguenau
77%
34 400 Schiltigheim
69%
19 500 Sélestat
69%
27 300 Illkirch-Graffenstaden
54%
18 300 Bischheim
41%
20 700 Lingolsheim
38%
12 300 Obernai
38%
12 200 Bischwiller
15%
13 500 Ostwald
15%
Aucun quiz correspondant
Distribution des résultats
% des personnes avec chaque résultat
Percentile par nombre de réponses
Votre historique - résultats
Vous n’avez pas pris ce quiz